01732aam a2200325 i 4500001001000000003001000010005001700020007000300037008004100040020002200081040004800103041001300151082002300164100003200187240002900219245009600248264003000344264001200374300002700386336002700413337003300440338002800473505069200501563001401193653003001207942000701237945001201244952013301256999001701389768714001CO-MdFUSB20211202115434.0ta211202t1975 sp |||| |||| 00| 0 spa d a[No incluye ISBN] bspa.aCO-MdFUSBcCO-MdFUSBdCO-MdFUSBCerda aspaheng04223a287.96 bC871s1 aCoutts, Frederick L.eautor aNo discharge in this war10aSiempre en pie de guerra : bla historia del Ejército de Salvación c/ Frederick Coutts 1aEspaña :bClie,c[1977] 4c© 1977 a352 páginasc; 18 cm atextobtxt2rdacontent 2rdamediaasin mediaciónbn 2rdacarrieravolumenbnc aEn tiempo pasado no eran pueblo. -- Terreno pedregoso. -- ¡Gobierna tú sobre nosotros! -- El ruido de una hueste. -- La menor de todas las semillas. -- Por honor y por deshonor. -- Valientes en la lucha. -- Muchos adversarios. -- En azotes más abundantes. -- El ayuno que yo escogí. -- ¿Quién es mi prójimo? -- La palabra de Dios multiplicada. -- Una buena guerra. -- Así pues, estaré contigo. -- Una época de guerra. -- Quienes arriesgaron sus vidas. -- Perplejos, más no desesperados. -- El dolor de la guerra (1). -- El dolor de la guerra (2). -- Busca la paz y síguela. -- Estos son mis hermanos. -- Tales como tenían capacidad. -- La mayor alabanza de Dios.  aRústico aEjército de salvación cBK aJTF-925 00102ddc40708GENaFUSBCbFUSBCd2005-01-18l0oG 287.96 C871s p7436r2019-12-12 00:00:00tEj. 1w2016-01-26yBKB0IINV2023 c39164d39164